Auditoría energética en las líneas de producción de baterías AA y D en una planta productora de pilas

Spremljeno u:
Bibliografski detalji
Glavni autor: López Martínez, Juan Pablo
Format: Knjiga
Izdano: San José, Costa Rica 2008
Teme:
Oznake: Dodaj oznaku
Bez oznaka, Budi prvi tko označuje ovaj zapis!

MARC

LEADER 00000nam a2200000Ia 4500
003 001108
005 20221231144100.0
008 140114s2008 cr a 000 ||s d
040 |c cru CEDI 
090 |a TFG 5633 
100 |a López Martínez, Juan Pablo  |9 4389 
245 |a Auditoría energética en las líneas de producción de baterías AA y D en una planta productora de pilas 
260 |c 2008  |b San José, Costa Rica 
300 |a v, 104 hojas; ilustraciones a color 
500 |a Proyecto de graduación (licenciatura en ingeniería química)--Universidad de Costa Rica. Facultad de Ingeniería. Escuela de Ingeniería Química 
650 |x AUDITORIA ENERGETICA  |x  BATERIAS ELECTRICAS  |x PRODUCCION   |x PILAS SECAS  |x  SISTEMAS DE PRODUCCION  |x  INVESTIGACIONES   |9 4390 
942 |c TFG 
999 |c 16628  |d 16628